<?xml version="1.0" encoding="UTF-8"?>
<record
    xmlns:xsi="http://www.w3.org/2001/XMLSchema-instance"
    xsi:schemaLocation="http://www.loc.gov/MARC21/slim http://www.loc.gov/standards/marcxml/schema/MARC21slim.xsd"
    xmlns="http://www.loc.gov/MARC21/slim">

  <leader>00619nam a22001337a 4500</leader>
  <datafield tag="040" ind1=" " ind2=" ">
    <subfield code="c">RUA</subfield>
  </datafield>
  <datafield tag="082" ind1=" " ind2=" ">
    <subfield code="a">FIS SUM 2012 B184 Or.1</subfield>
  </datafield>
  <datafield tag="100" ind1=" " ind2=" ">
    <subfield code="a">SUM, VY.</subfield>
  </datafield>
  <datafield tag="245" ind1=" " ind2=" ">
    <subfield code="a">Effect of different plant grow media on water treatment quality in aquaponics, &#x17A5;&#x1791;&#x17D2;&#x1792;&#x17B7;&#x1796;&#x179B;&#x1795;&#x17D2;&#x179F;&#x17C1;&#x1784;&#x1782;&#x17D2;&#x1793;&#x17B6;&#x1793;&#x17C3;&#x1791;&#x1798;&#x17D2;&#x179A;&#x1780;&#x17D2;&#x1793;&#x17BB;&#x1784;&#x1780;&#x17B6;&#x179A;&#x179F;&#x17C6;&#x17A2;&#x17B6;&#x178F;&#x1791;&#x17B9;&#x1780; &#x1780;&#x17D2;&#x1793;&#x17BB;&#x1784;&#x1794;&#x17D2;&#x179A;&#x1796;&#x17D0;&#x1793;&#x17D2;&#x1792;&#x17A2;&#x17B6;&#x1780;&#x17D2;&#x179C;&#x17B6;&#x1795;&#x17BC;&#x179A;&#x1793;&#x17B7;&#x1785;</subfield>
  </datafield>
  <datafield tag="260" ind1=" " ind2=" ">
    <subfield code="a">Phnom Penh</subfield>
    <subfield code="b">RUA</subfield>
    <subfield code="c">2012</subfield>
  </datafield>
  <datafield tag="300" ind1=" " ind2=" ">
    <subfield code="a">xii; 45p.</subfield>
    <subfield code="b">ill.</subfield>
    <subfield code="c">29cm.</subfield>
  </datafield>
  <datafield tag="856" ind1=" " ind2=" ">
    <subfield code="u">https://drive.google.com/file/d/1u6PjYODcjx9sS1Fsb-Q7kjDTUKQ3mWRN/view?usp=sharing</subfield>
  </datafield>
  <datafield tag="942" ind1=" " ind2=" ">
    <subfield code="c">FIS</subfield>
  </datafield>
  <datafield tag="999" ind1=" " ind2=" ">
    <subfield code="c">4006</subfield>
    <subfield code="d">4006</subfield>
  </datafield>
  <datafield tag="952" ind1=" " ind2=" ">
    <subfield code="0">0</subfield>
    <subfield code="1">0</subfield>
    <subfield code="2">ddc</subfield>
    <subfield code="4">0</subfield>
    <subfield code="6">FIS_SUM_2012_000000000000000_B184_OR_1</subfield>
    <subfield code="7">0</subfield>
    <subfield code="9">20250</subfield>
    <subfield code="a">LBB</subfield>
    <subfield code="b">LBB</subfield>
    <subfield code="c">B184</subfield>
    <subfield code="d">2015-12-04</subfield>
    <subfield code="l">4</subfield>
    <subfield code="m">2</subfield>
    <subfield code="o">FIS SUM 2012 B184 Or.1</subfield>
    <subfield code="p">RUA037519</subfield>
    <subfield code="r">2016-11-22</subfield>
    <subfield code="s">2016-10-11</subfield>
    <subfield code="w">2015-12-04</subfield>
    <subfield code="y">FIS</subfield>
  </datafield>
  <datafield tag="952" ind1=" " ind2=" ">
    <subfield code="0">0</subfield>
    <subfield code="1">0</subfield>
    <subfield code="2">ddc</subfield>
    <subfield code="4">0</subfield>
    <subfield code="6">FIS_SUM_2012_000000000000000_B184_OR_2</subfield>
    <subfield code="7">0</subfield>
    <subfield code="9">20251</subfield>
    <subfield code="a">LBB</subfield>
    <subfield code="b">LBB</subfield>
    <subfield code="c">B184</subfield>
    <subfield code="d">2015-12-04</subfield>
    <subfield code="l">1</subfield>
    <subfield code="o">FIS SUM 2012 B184 Or.2</subfield>
    <subfield code="p">RUA037580</subfield>
    <subfield code="r">2024-08-21</subfield>
    <subfield code="s">2024-07-24</subfield>
    <subfield code="w">2015-12-04</subfield>
    <subfield code="y">FIS</subfield>
  </datafield>
  <datafield tag="952" ind1=" " ind2=" ">
    <subfield code="0">0</subfield>
    <subfield code="1">0</subfield>
    <subfield code="2">ddc</subfield>
    <subfield code="4">0</subfield>
    <subfield code="6">FIS_SUM_2012_000000000000000_B184_OR_3</subfield>
    <subfield code="7">0</subfield>
    <subfield code="9">20252</subfield>
    <subfield code="a">LBB</subfield>
    <subfield code="b">LBB</subfield>
    <subfield code="c">B184</subfield>
    <subfield code="d">2015-12-04</subfield>
    <subfield code="l">1</subfield>
    <subfield code="o">FIS SUM 2012 B184 Or.3</subfield>
    <subfield code="p">RUA037579</subfield>
    <subfield code="r">2016-10-05</subfield>
    <subfield code="s">2016-08-24</subfield>
    <subfield code="w">2015-12-04</subfield>
    <subfield code="y">FIS</subfield>
  </datafield>
  <datafield tag="952" ind1=" " ind2=" ">
    <subfield code="0">0</subfield>
    <subfield code="1">0</subfield>
    <subfield code="2">ddc</subfield>
    <subfield code="4">0</subfield>
    <subfield code="6">FIS_SUM_2012_000000000000000_B184_OR_4</subfield>
    <subfield code="7">0</subfield>
    <subfield code="9">20253</subfield>
    <subfield code="a">LBB</subfield>
    <subfield code="b">LBB</subfield>
    <subfield code="c">B184</subfield>
    <subfield code="d">2015-12-04</subfield>
    <subfield code="o">FIS SUM 2012 B184 Or.4</subfield>
    <subfield code="p">RUA037518</subfield>
    <subfield code="r">2017-02-10</subfield>
    <subfield code="w">2015-12-04</subfield>
    <subfield code="y">FIS</subfield>
  </datafield>
  <datafield tag="952" ind1=" " ind2=" ">
    <subfield code="0">0</subfield>
    <subfield code="1">0</subfield>
    <subfield code="2">ddc</subfield>
    <subfield code="4">0</subfield>
    <subfield code="6">FIS_SUM_2012_000000000000000_B184_OR_5</subfield>
    <subfield code="7">0</subfield>
    <subfield code="9">20254</subfield>
    <subfield code="a">LBB</subfield>
    <subfield code="b">LBB</subfield>
    <subfield code="c">B184</subfield>
    <subfield code="d">2015-12-04</subfield>
    <subfield code="l">2</subfield>
    <subfield code="o">FIS SUM 2012 B184 Or.5</subfield>
    <subfield code="p">RUA035416</subfield>
    <subfield code="r">2016-07-15</subfield>
    <subfield code="s">2016-06-22</subfield>
    <subfield code="w">2015-12-04</subfield>
    <subfield code="y">FIS</subfield>
  </datafield>
  <datafield tag="952" ind1=" " ind2=" ">
    <subfield code="0">0</subfield>
    <subfield code="1">0</subfield>
    <subfield code="2">ddc</subfield>
    <subfield code="4">0</subfield>
    <subfield code="6">FIS_SUM_2012_000000000000000_B184_OR_6</subfield>
    <subfield code="7">0</subfield>
    <subfield code="9">20255</subfield>
    <subfield code="a">LBB</subfield>
    <subfield code="b">LBB</subfield>
    <subfield code="c">B184</subfield>
    <subfield code="d">2015-12-04</subfield>
    <subfield code="o">FIS SUM 2012 B184 Or.6</subfield>
    <subfield code="p">A34993</subfield>
    <subfield code="r">2015-12-04</subfield>
    <subfield code="w">2015-12-04</subfield>
    <subfield code="y">FIS</subfield>
  </datafield>
</record>
